| 000 -CABECERA |
| Longitud fija campo de control |
00870nam a22002297a 4500 |
| 003 - IDENTIFICADOR DEL NÚMERO DE CONTROL |
| Identificador del número de control |
OSt |
| 005 - FECHA Y HORA DE LA ÚLTIMA TRANSACCIÓN |
| Fecha y hora de la última transacción |
20180123132008.0 |
| 008 - CÓDIGOS DE INFORMACIÓN DE LONGITUD FIJA |
| Códigos de información de longitud fija |
180123s2015 spc|||| |||| 0|0 0 cat|d |
| 017 ## - NÚMERO DE COPYRIGHT O DE DEPÓSITO LEGAL |
| Número de copyright o de depósito legal |
DL T 1263-2016 |
| Agencia que asigna el número |
Biblioteca de Catalunya |
| 020 ## - NÚMERO INTERNACIONAL NORMALIZADO PARA LIBROS |
| Número Internacional Normalizado para Libros (ISBN) |
9788461751235 |
| 040 ## - FUENTE DE LA CATALOGACIÓN |
| Centro catalogador de origen |
ES-BaBC |
| Lengua de catalogación |
cat |
| Centro transcriptor |
CDMR |
| 100 1# - PUNTO DE ACCESO PRINCIPAL-NOMBRE DE PERSONA |
| Nombre de persona |
Cabrera Castillo, Francisco, |
| Fechas asociadas al nombre |
1951- |
| 245 13 - MENCIÓN DE TÍTULO |
| Título |
Un Segle de premsa tortosina |
| Resto del título |
: 1845-1938 / |
| Mención de responsabilidad, etc. |
Francisco Cabrera Castillo, Marina Pallás Caturla |
| 260 ## - PUBLICACIÓN, DISTRIBUCIÓN, ETC. (PIE DE IMPRENTA) |
| Lugar de publicación, distribución, etc. |
Tortosa : |
| Nombre del editor, distribuidor, etc. |
Tortosa Media, SL, |
| Fecha de publicación, distribución, etc. |
[2016] |
| 300 ## - DESCRIPCIÓN FÍSICA |
| Extensión |
294 p. : |
| Otras características físicas |
il·lustracions ; |
| Dimensiones |
22 cm |
| 504 ## - NOTA DE BIBLIOGRAFÍA, ETC |
| Nota de bibliografía, etc. |
Bibliografia pàgines 293-294 |
| 586 ## - NOTA DE PREMIOS |
| Nota de premios |
XXVI Premi Enric Bayerri, Premis Literaris Jesús-Catalònia |
| 650 07 - PUNTO DE ACCESO ADICIONAL DE MATERIA - TÉRMINO DE MATERIA |
| Término de materia o nombre geográfico como elemento inicial |
Premsa |
| Subdivisión geográfica |
Catalunya |
| -- |
Tortosa |
| Subdivisión de materia general |
Història |
| Fuente del encabezamiento o término |
lemac |
| 9 (RLIN) |
1524 |
| 650 #7 - PUNTO DE ACCESO ADICIONAL DE MATERIA - TÉRMINO DE MATERIA |
| Término de materia o nombre geográfico como elemento inicial |
Diaris catalans |
| Subdivisión geográfica |
Catalunya |
| -- |
Tortosa |
| Subdivisión de materia general |
Història |
| Fuente del encabezamiento o término |
lemac |
| 700 1# - PUNTO DE ACCESO ADICIONAL - NOMBRE DE PERSONA |
| Nombre de persona |
Pallás Caturla, Marina, |
| Fechas asociadas al nombre |
1991- |
| 942 ## - ENTRADA DE ELEMENTOS AGREGADOS (KOHA) |
| Koha [por defecto] tipo de item |
Monografies |